| 000 | 00520cam a2200193 4500 | ||
|---|---|---|---|
| 001 | L141428 | ||
| 008 | 060921n2007 000 0 eng u | ||
| 035 | _a(Sirsi) u141428 | ||
| 041 | 0 | _aeng | |
| 050 | 0 | 4 | _a346.41068 $2 18 |
| 110 | 2 |
_aSmith and Williamson _9579 |
|
| 245 | 0 | 0 | _aProfessional practices handbook |
| 250 | _a6th ed. | ||
| 260 |
_aHaywards Heath _bTottel Publishing _c2007 |
||
| 651 | 4 |
_aUnited Kingdom _y |
|
| 690 | _aMANAGEMENT-BUSINESS MANAGEMENT | ||
| 710 | 2 |
_aAllen and Overy _91481 |
|
| 942 | _n0 | ||
| 999 |
_c107659 _d107659 |
||